Normal view MARC view
  • Muslim women

Entry Topical Term

Number of records used in: 2

001 - CONTROL NUMBER

  • control field: 2060

003 - CONTROL NUMBER IDENTIFIER

  • control field: OSt

005 - DATE AND TIME OF LATEST TRANSACTION

  • control field: 20170508101240.0

008 - FIXED-LENGTH DATA ELEMENTS

  • fixed length control field: 170508|| aca||aabn | a|a d

040 ## - CATALOGING SOURCE

  • Original cataloging agency: OSt
  • Transcribing agency: OSt

150 ## - HEADING--TOPICAL TERM

  • Topical term or geographic name entry element: Muslim women

670 ## - SOURCE DATA FOUND

  • Source citation: Work cat.: (OSt)0: Jundul, Said 2059, Wanita di bawah naungan Islam /, 1994
Pusat Sumber Maklumat Dato' Haji Sarmin Md Hussin, Akademi Kastam Diraja Malaysia, Melaka
Tel: 06-2331106 | Faks: 06-2313787